000 00665nab a2200229 a 4500
001 21566
003 63047
005 20201118100100.0
008 ||||||n9999 ||| || ||
041 _aspa
100 _aTorre, Rodolfo de la
245 0 _aEn busca de una perspectiva economica general: conversacion con Jagdish Bhagwati :
_bpp.1007-1018
260 _aMéxico :
_bFondo de Cultura Económica,
_c1990.
300 _app. 1007-1018
562 _e0
650 _aENTREVISTA
650 _aINTERVENCIÓN DEL ESTADO
650 _aPOBREZA
650 _aTEORÍA ECONÓMICA
773 _021558
_aEl Trimestre Económico - Vol.57 No.228
942 _cSART
999 _c21566
_d21566